| 000 | 00382nam a2200133 u 4500 | ||
|---|---|---|---|
| 001 | 000007102 | ||
| 005 | 20200929154051.0 | ||
| 008 | 090904s1926 dr 000 0 spa d | ||
| 040 |
_aDO-SdBNP _bspa _cBNPHU |
||
| 082 |
_axxxx _bxxxx |
||
| 245 | 0 | 0 | _aCódigo penal de la República Dominicana, arreglado. |
| 260 |
_aSanto Domingo, : _bE. M. Casanova N., _c1926. |
||
| 300 |
_a86 p. ; _c24cm. |
||
| 999 |
_c6883 _d6883 |
||